|
|
|
|
| LEADER |
00000nab a2200000 ar4500 |
| 001 |
vtls009006120 |
| 003 |
SK-MaSNL |
| 005 |
20260303065727.0 |
| 008 |
070710|2007 xo ||||||||||||00 b|slo |
| 015 |
|
|
|a SNBRB2007/07
|2 snkbucl
|
| 038 |
|
|
|a SNKBUCL
|
| 040 |
|
|
|a SNKBUCL
|b slo
|c SNKBUCL
|e AACR2
|
| 041 |
|
|
|a slo
|
| 044 |
|
|
|a xo
|c SK
|
| 080 |
|
|
|a 353.9(437.6)
|2 2001
|
| 100 |
1 |
|
|a Greš, Ján
|4 aut
|9 269198
|
| 245 |
1 |
0 |
|a Žilinský kraj hviezda severu
|c Ján Greš
|
| 300 |
|
|
|b Fotogr.
|
| 651 |
|
7 |
|a Žilinský samosprávny kraj (Slovensko)
|2 snkbucl
|9 22389
|
| 655 |
|
7 |
|a reportáže
|2 snkbucl
|9 28856
|
| 773 |
0 |
|
|t Slovenka
|g Roč. 60, č. 23 (2007), s. 40-43
|x 0231-6676
|
| 852 |
|
|
|a SNK
|b KIS3GCP
|
| 958 |
|
|
|a SK
|
| 999 |
|
|
|c 1752384
|d 1754314
|